[Event "Forchheim op-B 14th"]
[Site "Forchheim"]
[Date "2015.10.04"]
[Round "4"]
[White "Rummel, Gerald"]
[Black "Meth, Matthias"]
[Result "0-1"]
[WhiteElo "1780"]
[BlackElo "1813"]
[PlyCount "63"]
[EventDate "2015.10.02"]
[EventType "swiss"]
[EventRounds "5"]
[EventCountry "GER"]
[SourceTitle "EXT 2019"]
[Source "ChessBase"]
[SourceDate "2018.10.10"]
[SourceVersion "1"]
[SourceVersionDate "2018.10.10"]
[SourceQuality "1"]

1. Nf3 c5 2. c4 Nf6 3. g3 e6 4. b3 Be7 5. Bg2 0-0 6. 0-0 d5 7. e3 Nc6 8. Bb2 Rb8 9. Qe2 b6 10. cxd5 exd5 11. d4 Nb4 12. Rd1 Ba6 13. Qd2 Ne4 14. Qc1 Be2 15. Ne5 Bxd1 16. Qxd1 Rc8 17. f3 Nf6 18. Nd2 cxd4 19. exd4 Nc6 20. Nd3 Bd6 21. f4 Nb4 22. Ne1 Qe7 23. Nf1 Rfe8 24. a3 Na6 25. Bf3 Nc7 26. Nd3 Nb5 27. a4 Nc3 28. Qd2 Nce4 29. Qg2 a6 30. Ne5 Bxe5 31. fxe5 Qb4 32. Bxe4 0-1

[Event "Staufer op-B 27th"]
[Site "Schwaebisch Gmuend"]
[Date "2015.01.02"]
[Round "2"]
[White "Wezel, Sebastian"]
[Black "Meth, Matthias"]
[Result "1-0"]
[WhiteElo "1884"]
[BlackElo "1745"]
[PlyCount "35"]
[EventDate "2015.01.02"]
[EventType "swiss"]
[EventRounds "9"]
[EventCountry "GER"]
[SourceTitle "EXT 2016"]
[Source "ChessBase"]
[SourceDate "2015.10.08"]
[SourceVersion "1"]
[SourceVersionDate "2015.10.08"]
[SourceQuality "1"]

1. e4 c5 2. d4 cxd4 3. c3 dxc3 4. Nxc3 Nc6 5. Nf3 a6 6. Bc4 e6 7. 0-0 Nge7 8. Bg5 Qc7 9. Rc1 Ng6 10. Bb3 Be7 11. Nd5 exd5 12. exd5 0-0 13. Re1 Bxg5 14. Nxg5 Qf4 15. dxc6 dxc6 16. Nxf7 Rxf7 17. Re8+ Nf8 18. Rxf8+ 1-0

[Event "Forchheim op-B 13th"]
[Site "Forchheim"]
[Date "2014.10.05"]
[Round "5"]
[White "Meckel, Helmut"]
[Black "Meth, Matthias"]
[Result "1-0"]
[WhiteElo "1832"]
[BlackElo "1504"]
[PlyCount "61"]
[EventDate "2014.10.03"]
[EventType "swiss"]
[EventRounds "5"]
[EventCountry "GER"]
[SourceTitle "EXT 2019"]
[Source "ChessBase"]
[SourceDate "2018.10.10"]
[SourceVersion "1"]
[SourceVersionDate "2018.10.10"]
[SourceQuality "1"]

1. e4 c6 2. d4 d5 3. Nc3 dxe4 4. Nxe4 Bf5 5. Ng3 Bg6 6. h4 h6 7. Nf3 Nd7 8. h5 Bh7 9. Bc4 e6 10. Bf4 Ne7 11. Qe2 Nd5 12. Be5 Nxe5 13. Nxe5 Be7 14. Bxd5 Qa5+ 15. c3 Qxd5 16. Kf1 0-0 17. b3 a5 18. Rd1 Qd8 19. Ne4 Qc7 20. Rh3 Rad8 21. Rg3 Kh8 22. Qg4 Bg5 23. Nxg5 hxg5 24. Qxg5 Rg8 25. Qf4 Rd7 26. Rf3 Rf8 27. Nxd7 Qxd7 28. Re1 b5 29. h6 Bg6 30. hxg7+ Kxg7 31. Qf6+ 1-0